[Event "U1850"]
[Site "Warsingsfehn"]
[Date "2024.12.12"]
[Round "5.1"]
[White "SciSys Turbostar 432 KSO"]
[Black "Fidelity Prestige Challenger Budapest 4 MHz"]
[Result "0-1"]
[WhiteElo "1798"]
[BlackElo "1816"]

1.c4 Nf6 2.d4 g6 3.Nc3 Bg7 4.e4 d6 5.Be2 O-O 6.Bg5 c5 7.d5 {*} 7...e6 {*} 8.Nf3 exd5 9.cxd5 Qb6 10.Qc2 Na6 
11.Bxf6 Bxf6 12.O-O Bd7 13.a3 Bg7 14.Nd2 f5 15.Bf3 Nc7 16.h3 Rae8 17.Nc4 Qa6 18.Nd2 fxe4 19.Bxe4 Nb5 20.Ne2 Nxa3 
21.Rxa3 Qxe2 22.Rxa7 Rxe4 23.Qxe4 Qxd2 24.Rxb7 Bc8 25.Rxg7+ Kxg7 26.Qe7+ Rf7 27.Qxd6 Qd4 28.Rc1 Qxf2+ 29.Kh2 Qxb2 
30.Rxc5 Bf5 31.Rc7 Qf6 32.Qxf6+ Kxf6 33.Rxf7+ Kxf7 34.g4 Be4 35.Kg3 Bxd5 36.g5 Ke6 37.Kf4 Bc6 38.h4 Bb7 39.Kg4 Ke5 
40.h5 Bc8+ 41.Kh4 Kf5 42.hxg6 hxg6 43.Kg3 Kxg5 44.Kf3 Kh4 45.Kf4 g5+ 46.Kf3 g4+ 47.Kg2 Bb7+ 48.Kf2 g3+ 49.Kf1 g2+ 
50.Kf2 Bd5 51.Kg1 Kh3 52.Kf2 Kh2 53.Ke2 g1=Q 0-1

[Event "U1850"]
[Site "Warsingsfehn"]
[Date "2024.12.12"]
[Round "5.2"]
[White "Mephisto Mondial II"]
[Black "Novag Superconstellation"]
[Result "1/2-1/2"]
[WhiteElo "1770"]
[BlackElo "1819"]

1.d4 Nf6 2.c4 e6 3.Nc3 c5 4.d5 exd5 5.cxd5 d6 6.Nf3 g6 7.e4 Bg7 8.Be2 O-O 9.O-O Re8 {*} 10.Nd2 {*} 10...Nbd7 
11.Nc4 Nxe4 12.Nxe4 Rxe4 13.Nxd6 Rd4 14.Qb3 Nb6 15.Nb5 Rb4 16.Qe3 Nxd5 17.Qxc5 Bxb2 18.Rd1 Bxa1 19.Qxb4 Be6 20.Qb3 Qe7 
21.Bc4 Nb6 22.Bxe6 Qxe6 23.Qxe6 fxe6 24.Nc7 Rc8 25.Nxe6 Rc2 26.a3 Bc3 27.Be3 Bf6 28.Bxb6 axb6 29.f4 Re2 30.Nc7 Kf7 
31.Kf1 Re4 32.g3 g5 33.fxg5 Bxg5 34.Nb5 Re7 35.Nd6+ Kg6 36.Nc4 Re6 37.Rd7 b5 38.Nd6 b4 39.axb4 b6 40.b5 Be3 
41.g4 Bf4 42.Nf5 Bxh2 43.Nh4+ Kh6 44.g5+ Kh5 45.Rxh7+ Kg4 46.g6 Bg3 47.Ng2 Rxg6 48.Ke2 Re6+ 49.Ne3+ Kf4 50.Kd2 Re5 
51.Rf7+ Ke4 52.Nc4 Rxb5 53.Kc3 Rc5 54.Re7+ Kd5 55.Rd7+ Kc6 56.Rd3 Be5+ 57.Kb3 Bc7 58.Rf3 Bd8 59.Re3 Rf5 60.Kb4 b5 
61.Re6+ Kc7 62.Ne3 Rg5 63.Nc2 Kd7 64.Re4 Be7+ 65.Ka5 Rc5 66.Rd4+ Ke6 67.Re4+ Kf7 68.Ne3 Bd6 1/2-1/2

[Event "U1850"]
[Site "Warsingsfehn"]
[Date "2024.12.12"]
[Round "5.3"]
[White "Krypton Regency"]
[Black "Mephisto B&P"]
[Result "1-0"]
[WhiteElo "1768"]
[BlackElo "1764"]

1.c4 e5 2.Nc3 Nf6 3.Nf3 Nc6 {*} 4.d3 {*} 4...Bc5 5.Nd5 Ng4 6.e3 Ne7 7.Nxe7 Qxe7 8.h3 Nf6 9.e4 Bb4+ 10.Bd2 O-O 
11.a3 Bxd2+ 12.Nxd2 c6 13.Be2 d5 14.O-O Be6 15.Qc2 a5 16.Nf3 dxc4 17.dxc4 Nd7 18.Qc3 Qf6 19.Rfd1 Rfd8 20.Rd6 Qg6 
21.Bd3 Qh5 22.Be2 Qh6 23.Rad1 Qg6 24.Qe3 Qf6 25.Ng5 Nf8 26.Nxe6 Nxe6 27.Rd7 Rab8 28.Bh5 a4 29.Qa7 g6 30.Bg4 b5 
31.Bxe6 fxe6 32.R1d6 Rbc8 33.Qa6 bxc4 34.Qxa4 Rxd7 35.Rxd7 Rf8 36.f3 Rb8 37.Qxc6 Rf8 38.Qxc4 Rf7 39.Rd6 Re7 40.a4 Qf7 
41.a5 Qf6 42.a6 Qf7 43.Qc5 Re8 44.Qxe5 Qa7+ 45.Qd4 Qxd4+ 46.Rxd4 Ra8 47.Rd6 Kf7 48.b4 Ke7 49.Rc6 h5 50.b5 Kd7 
51.g4 hxg4 52.hxg4 Ra7 53.f4 Ra8 54.f5 exf5 55.gxf5 gxf5 56.exf5 Ke8 57.Rc7 Kd8 58.Rh7 Kc8 59.Rh8+ Kc7 60.Rxa8 Kb6 
61.f6 Kxb5 62.f7 Kc4 63.f8=Q Kd3 64.Qf5+ Kc3 65.Qc5+ Kd3 66.Rd8+ Ke4 67.a7 {Mit Meldung # in 4} 67...Kf3 68.Qf5+ Kg3 
69.Rg8+ Kh4 70.Qh7# 1-0

[Event "U1850"]
[Site "Warsingsfehn"]
[Date "2024.12.12"]
[Round "5.4"]
[White "AVE GMS Sargon 4.0"]
[Black "Mephisto III-S Glasgow"]
[Result "0-1"]
[WhiteElo "1755"]
[BlackElo "1743"]

1.c4 e6 2.Nf3 Nf6 3.g3 d5 4.Bg2 c5 {*} 5.O-O {*} 5...Bd6 6.Qa4+ Bd7 7.Qb3 dxc4 8.Qxc4 Nc6 9.d4 Qb6 10.dxc5 Bxc5 
11.Nc3 Na5 12.Qh4 O-O 13.Bg5 Qxb2 14.Bxf6 gxf6 15.Qxf6 Bb4 16.Nd5 Qa3 17.Qg5+ Kh8 18.Qe5+ f6 19.Nxf6 Bc3 20.Nd4 Nc4 
21.Qc7 Rxf6 22.Qxc4 Bxa1 23.Rxa1 Raf8 24.Qc7 Qb2 25.Nb3 Ba4 26.Qa5 Bxb3 27.axb3 Qxe2 28.Qxa7 Rxf2 29.Qxb7 Qb2 30.Rd1 R8f7 
31.Qb8+ Kg7 32.Bh3 Qe2 33.Ra1 Rxh2 34.Qb6 Rxh3 35.Qd4+ e5 36.Qf4 exf4 37.Ra2 Rxg3+ 38.Kh1 Qh5+ 39.Rh2 Qd1# 0-1

[Event "U1850"]
[Site "Warsingsfehn"]
[Date "2024.12.12"]
[Round "5.5"]
[White "CXG Sphinx 40"]
[Black "Excalibur Igor"]
[Result "1-0"]
[WhiteElo "1720"]
[BlackElo "1826"]

1.e4 c6 2.d4 d5 3.Nc3 dxe4 4.Nxe4 Bf5 5.Ng3 Bg6 {*} 6.N1e2 e6 7.Nf4 Bd6 8.c3 Ne7 9.Nxg6 Nxg6 10.Ne4 O-O 11.Nxd6 {*} 11...Qxd6 
12.h4 e5 13.h5 Nf4 14.Bxf4 exf4 15.Qe2 Nd7 16.O-O-O Rfe8 17.Qf3 Nf6 18.h6 g6 19.Bd3 Nd5 20.Rhe1 Re7 
21.Rxe7 Qxe7 22.Kb1 Qg5 23.Qh3 Re8 24.Qd7 Qe7 25.Qg4 b5 26.Rh1 Qd6 27.Qd1 b4 28.Re1 Rxe1 29.Qxe1 bxc3 30.bxc3 Qe6 
31.Qxe6 fxe6 32.Kb2 Nf6 33.Be2 Ne4 34.Bf3 Nxf2 35.Kc2 g5 36.a4 Kf7 37.Bxc6 Ng4 38.Be4 Kg8 39.c4 Nxh6 40.c5 Nf7 
41.c6 Nd6 42.c7 g4 43.Bb7 Kf7 44.c8=Q Nxc8 45.Bxc8 f3 46.g3 h5 47.Kd3 h4 48.gxh4 f2 49.Ke2 g3 50.Ba6 Ke7 
51.Kf3 Kd6 52.Kxg3 Kd5 53.h5 e5 54.h6 f1=B 55.Bxf1 Kxd4 56.h7 Kd5 57.h8=Q Ke4 58.Qa8+ Kd4 59.Qxa7+ Kd5 60.Kf3 Kc6 
61.Ke4 Kd6 62.Bb5 Ke6 63.Qg7 Kd6 64.Qxe5# 1-0

[Event "U1850"]
[Site "Warsingsfehn"]
[Date "2024.12.12"]
[Round "6.1"]
[White "Excalibur Igor"]
[Black "Mephisto III-S Glasgow"]
[Result "0-1"]
[WhiteElo "1826"]
[BlackElo "1743"]

1.d4 Nf6 2.c4 e6 3.Nc3 d5 4.cxd5 exd5 5.Bg5 Be7 6.e3 {*} 6...c6 7.Nf3 O-O {*} 8.Bd3 Qb6 9.Qc2 h6 10.Bxf6 Bxf6 
11.h3 Na6 12.a3 Re8 13.O-O Bd7 14.Na4 Qc7 15.b4 b5 16.Rac1 Nxb4 17.axb4 bxa4 18.Qxa4 Qb7 19.Ra1 Reb8 20.Rfb1 c5 
21.Ba6 Qc7 22.Qc2 c4 23.Ra5 Bc6 24.Raa1 Rb6 25.b5 Bd7 26.Rb2 Rab8 27.Rba2 Qd6 28.Kh1 Qc7 29.Kg1 Be8 30.Qf5 Qd8 
31.Rc1 Qd6 32.Ne5 Bxe5 33.Qxe5 Qxe5 34.dxe5 Re6 35.f4 f6 36.Rd1 fxe5 37.Rxd5 exf4 38.exf4 Re1+ 39.Kf2 Re4 40.Kf3 Re6 
41.Rc5 Re1 42.b6 axb6 43.Bxc4+ Kh8 44.Rb2 Rc1 45.Rc7 Rc3+ 46.Ke4 b5 47.Kd4 Rc1 48.Rc5 Rxc4+ 49.Rxc4 Rd8+ 50.Kc3 bxc4 
51.Kxc4 Bc6 52.Kc5 Rc8 53.Kd6 Kg8 54.Rc2 Rd8+ 55.Kc7 Be4 56.Kxd8 Bxc2 57.Ke7 Bf5 58.g4 Be4 59.Kd6 Bg2 60.h4 Bh3 
61.g5 Kh7 62.Kd5 Kg6 63.Ke4 Kh5 64.Ke5 Kxh4 65.gxh6 gxh6 66.Kf6 Kh5 67.f5 Bg4 68.Ke5 Kg5 69.f6 Bh5 70.Ke6 Be8 
71.Ke7 h5 72.Kd6 h4 73.Ke7 Kg6 74.Kxe8 Kxf6 0-1

[Event "U1850"]
[Site "Warsingsfehn"]
[Date "2024.12.12"]
[Round "6.2"]
[White "Mephisto B&P"]
[Black "AVE GMS Sargon 4.0"]
[Result "1-0"]
[WhiteElo "1764"]
[BlackElo "1755"]

1.c4 c5 2.Nc3 Nc6 3.g3 g6 4.Bg2 Bg7 5.Nf3 Nf6 6.O-O {*} 6...O-O {*} 7.e4 e5 8.d3 d6 9.Be3 Be6 10.a4 Qb6 
11.Qd2 Ng4 12.Nb5 Nd4 13.Bxd4 cxd4 14.a5 Qc6 15.Qb4 Qc5 16.Qxc5 dxc5 17.Nc7 Rac8 18.Nxe6 fxe6 19.Ng5 Rce8 20.Bh3 h5 
21.f3 Bh6 22.Nxe6 Rxe6 23.fxg4 hxg4 24.Rxf8+ Kxf8 25.Bxg4 Rf6 26.Kg2 Bd2 27.h4 Kg7 28.Bc8 Rf7 29.Ra2 b6 30.axb6 axb6 
31.b3 Bc3 32.Ra6 Ba5 33.Bg4 Kh6 34.Ra8 Re7 35.Rb8 Kg7 36.h5 gxh5 37.Bxh5 Ra7 38.g4 Re7 39.g5 Kh7 40.g6+ Kg7 
41.Kh3 Ra7 42.Re8 Kf6 43.Rf8+ Kg7 44.Rf7+ Rxf7 45.gxf7 Bd2 46.Kg4 Be3 47.Kf5 Bf4 48.Ke6 Kf8 49.Kd6 Bg3 50.Kc7 
Be1 51.Kxb6 Bb4 52.Kc6 Ba3 53.Kd6 Bb4 54.Kxe5 Ke7 55.Kf5 Bd2 56.e5 Bh6 57.Kg6 Bf8 58.Bg4 Kd8 59.Kf6 Bd6 60.e6 Bf8 
61.Bf5 Bd6 62.Kg7 Be5+ 63.Kg8 Bd6 64.f8=Q+ Bxf8 65.Kxf8 Kc7 66.e7 Kd6 67.e8=Q Kc7 68.Be4 Kb6 69.Qc6+ Ka7 70.Qb7# 1-0

[Event "U1850"]
[Site "Warsingsfehn"]
[Date "2024.12.12"]
[Round "6.3"]
[White "Novag Superconstellation"]
[Black "Krypton Regency"]
[Result "0-1"]
[WhiteElo "1819"]
[BlackElo "1768"]

1.e4 e6 2.d4 c5 3.Nf3 cxd4 4.Nxd4 a6 5.Nc3 {*} 5...Nc6 6.Be2 Qc7 7.O-O Nf6 {*} 8.Be3 Bd6 9.f4 Nxd4 10.Qxd4 e5 
11.Qc4 O-O 12.Kh1 Qxc4 13.Bxc4 exf4 14.Bxf4 Bxf4 15.Rxf4 b5 16.e5 Nh5 17.Bd5 Nxf4 18.Bxa8 Re8 19.Rf1 Rxe5 20.Ne4 Nd5 
21.Nd6 Nb6 22.Bf3 b4 23.g3 Re6 24.Rd1 a5 25.Nxc8 Nxc8 26.Rxd7 Rd6 27.Rxd6 Nxd6 28.c3 bxc3 29.bxc3 Kf8 30.Kg2 Nb5 
31.c4 Nc3 32.a3 Nb1 33.a4 Nc3 34.Bc6 Ke7 35.c5 Na2 36.Kf3 Nb4 37.Be4 Na6 38.c6 Nc5 39.c7 Kd7 40.c8=Q+ Kxc8 
41.Bf5+ Kc7 42.Ke3 Nxa4 43.Bc2 Nc5 44.Kd4 Ne6+ 45.Kd5 h6 46.Ba4 Ng5 47.Kc5 Nf3 48.h3 f6 49.Bc6 Nd4 50.Bb5 Nf5 
51.g4 Nd6 52.Bc6 g6 53.Ba8 f5 54.gxf5 gxf5 55.Bf3 Ne4+ 56.Bxe4 fxe4 57.Kc4 a4 58.Kc3 e3 59.Kd3 {mit Aufgabe Superconny} 0-1

[Event "U1850"]
[Site "Warsingsfehn"]
[Date "2024.12.12"]
[Round "6.4"]
[White "Fidelity Prestige Challenger Budapest 4 MHz"]
[Black "Mephisto Mondial II"]
[Result "1-0"]
[WhiteElo "1819"]
[BlackElo "1770"]

1.Nf3 c5 2.g3 Nc6 3.Bg2 d5 {*} 4.O-O e5 5.d3 Be7 6.e4 {*} 6...Nf6 7.exd5 Nxd5 8.Qe1 Bf6 9.Nxe5 Nxe5 10.f4 Nb4 
11.Rf2 Qd4 12.Na3 O-O 13.fxe5 Re8 14.c3 Qxd3 15.Bf4 Nxa2 16.Rxa2 Be6 17.Ra1 Be7 18.Bxb7 Rad8 19.Bc6 Rf8 20.Nb5 a5 
21.Rxa5 Qd1 22.Qxd1 Rxd1+ 23.Kg2 Bd8 24.Ra8 Bb6 25.Rxf8+ Kxf8 26.Rd2 Re1 27.b4 cxb4 28.cxb4 Rg1+ 29.Kf3 Rf1+ 30.Ke4 Re1+ 
31.Kd3 Rb1 32.Nd4 Bxd4 33.Kxd4 Rxb4+ 34.Kc5 Rb8 35.Bg5 h6 36.Be3 Ke7 37.h4 Rb3 38.Bf4 Bf5 39.Rd6 Rb2 40.Bb5 Rc2+ 
41.Kb6 Rc8 42.Bc6 Be6 43.Kb7 Rg8 44.Be3 f6 45.Bd4 g5 46.Kc7 Rc8+ 47.Kb6 fxe5 48.Bxe5 Rf8 49.Rd3 Rf5 50.Re3 gxh4 
51.gxh4 Rf1 52.Kc5 Rc1+ 53.Bc3 Rd1 54.Bf3 Rd8 55.Bd4 Rc8+ 56.Bc6 h5 57.Re5 Rd8 58.Rxh5 Rf8 59.Re5 Rf5 60.h5 Rxe5+ 
61.Bxe5 Bf5 62.h6 Bg6 63.Kd4 Bc2 64.Be4 Bxe4 65.Kxe4 Kf7 66.h7 Ke6 67.h8=Q 1-0

[Event "U1850"]
[Site "Warsingsfehn"]
[Date "2024.12.12"]
[Round "6.5"]
[White "CXG Sphinx 40"]
[Black "SciSys Turbostar 432 KSO"]
[Result "0-1"]
[WhiteElo "1720"]
[BlackElo "1798"]

1.e4 c5 2.Nf3 e6 3.d4 cxd4 4.Nxd4 a6 {*} 5.c4 {*} 5...d6 6.Bd3 Be7 7.O-O Nf6 8.Nc3 O-O 9.Bc2 Qc7 10.Bb3 Bd7 
11.Bg5 Nc6 12.Nxc6 Bxc6 13.Re1 h6 14.Bf4 e5 15.Bg3 b5 16.cxb5 axb5 17.Nd5 Nxd5 18.exd5 Bb7 19.Qd3 Qb6 20.Bc2 f5 
21.Re3 Qc5 22.b4 Qc4 23.Bb3 Qxd3 24.Rxd3 f4 25.Rc1 fxg3 26.hxg3 Rfc8 27.Rdc3 Rxc3 28.Rxc3 Kf7 29.Rc7 Ra7 30.Kf1 Ke8 
31.Ke2 Kd8 32.Rc3 Kd7 33.Ke3 Bg5+ 34.f4 Bf6 35.Rc1 exf4+ 36.gxf4 Bb2 37.Rd1 Bc3 38.Rc1 Bxb4 39.g4 Ra8 40.Ke4 Re8+ 
41.Kf5 Bd2 42.Rc2 Be3 43.a4 b4 44.a5 Rf8+ 45.Ke4 Bxf4 46.Ba4+ Kd8 47.Rf2 g5 48.Bb5 Rf7 49.Rf1 Re7+ 50.Kd3 Bxd5 
51.a6 Kc7 52.Kd4 Re5 53.Bc4 Bg2 54.Ra1 Re4+ 55.Kd3 Be5 56.Ra2 Rxg4 57.Be6 Rg3+ 58.Kc4 b3 59.Rxg2 Rxg2 60.Kxb3 Kb6 
61.Bc4 Rd2 62.Kb4 g4 63.a7 Kxa7 64.Bf1 g3 65.Kb5 g2 66.Bxg2 Rxg2 67.Kc4 Rg4+ 68.Kd3 Kb6 69.Ke2 Kc5 70.Kf3 h5 
71.Ke2 Kd4 72.Kf3 Kd3 73.Kf2 h4 74.Kf3 Rg3+ 75.Kf2 Bd4+ 76.Ke1 Rg1# 0-1

[Event "U1850"]
[Site "Warsingsfehn"]
[Date "2024.12.12"]
[Round "7.1"]
[White "SciSys Turbostar 432 KSO"]
[Black "Excalibur Igor"]
[Result "0-1"]
[WhiteElo "1798"]
[BlackElo "1826"]

1.e4 c6 2.d4 d5 3.e5 Bf5 4.Nc3 {*} 4...e6 {*} 5.Bd3 Bxd3 6.Qxd3 Qb6 7.Nge2 Qa6 8.Qxa6 Nxa6 9.Bf4 O-O-O 10.a3 Be7 
11.O-O Nc7 12.f3 Kb8 13.h3 Nh6 14.Bxh6 gxh6 15.f4 c5 16.Rad1 cxd4 17.Nxd4 Rhg8 18.f5 Rg3 19.fxe6 fxe6 20.Rf7 Bc5 
21.Ne2 Rg5 22.Rxh7 Rxe5 23.Kh2 Re4 24.Rd2 Rf8 25.Rxh6 e5 26.Nf5 Rxf5 27.Ng3 Ref4 28.Nxf5 Rxf5 29.Rh8+ Bf8 30.Kg3 e4 
31.Kg4 Rf1 32.c4 e3 33.Rd3 e2 34.Re3 dxc4 35.Rxe2 b5 36.Re4 Kb7 37.Rf4 Rxf4+ 38.Kxf4 Bg7 39.Rg8 Bxb2 40.Ke4 Bxa3 
41.g4 b4 42.h4 b3 43.Rd8 c3 44.Rd1 c2 45.Rd3 b2 46.Rb3+ Kc8 47.Rxb2 Bxb2 48.g5 c1=Q 49.Kf3 Qc4 50.Kg3 Be5+ 
51.Kh3 Qe2 52.h5 Qf3+ 53.Kh4 Qg3# 0-1

[Event "U1850"]
[Site "Warsingsfehn"]
[Date "2024.12.12"]
[Round "7.2"]
[White "Mephisto Mondial II"]
[Black "CXG Sphinx 40"]
[Result "1-0"]
[WhiteElo "1770"]
[BlackElo "1720"]

1.e4 c5 2.c3 Nf6 3.e5 Nd5 4.d4 cxd4 5.cxd4 d6 6.Bc4 Nb6 7.Bb3 {*} 7...dxe5 8.Qh5 e6 9.dxe5 Nc6 10.Nf3 Qd3 {*} 
11.Bg5 Bb4+ 12.Nbd2 Nd4 13.Bd1 O-O 14.Qh4 Nxf3+ 15.Bxf3 Nc4 16.O-O-O Na3 17.Be4 Bxd2+ 18.Rxd2 Qc4+ 19.Rc2 Qxc2+ 20.Bxc2 Nxc2 
21.Kxc2 Bd7 22.Rd1 Rfc8+ 23.Kb1 Bc6 24.f3 Bd5 25.Be3 Rc7 26.Qa4 a6 27.Qg4 g6 28.Bb6 Rc4 29.Bd4 Rac8 30.Qg5 Rc2 
31.Bc3 Re2 32.Rd2 Re1+ 33.Kc2 Rh1 34.Qf4 Ra1 35.a3 b6 36.Qa4 Ra8 37.Qb4 Rh1 38.Qxb6 Rxh2 39.b3 h6 40.Qg1 Rh5 
41.g4 Rh3 42.Qg2 Rxf3 43.Rxd5 Rxc3+ 44.Kxc3 Rc8+ 45.Kb4 Rb8+ 46.Ka4 exd5 47.Qxd5 Re8 48.Ka5 Re6 49.a4 Kg7 50.b4 Kh7 
51.Qd3 Rxe5+ 52.Kxa6 Re6+ 53.Ka5 Re5+ 54.b5 Kg7 55.Qd4 f6 56.Qxe5 fxe5 57.b6 h5 58.b7 hxg4 59.b8=Q Kf6 60.Kb4 Kf5 
61.a5 g3 62.Qc8+ Kf4 63.Qc5 g2 64.a6 Kg4 65.Qf2 g5 66.Qxg2+ Kf4 67.Qf2+ Kg4 68.a7 Kh3 69.Qe3+ Kg4 70.a8=Q Kf5 
71.Qee4+ Kf6 72.Qf8+ Ke6 73.Qe8+ Kd6 74.Q4xe5# 1-0

[Event "U1850"]
[Site "Warsingsfehn"]
[Date "2024.12.12"]
[Round "7.3"]
[White "Krypton Regency"]
[Black "Fidelity Prestige Challenger Budapest 4 MHz"]
[Result "1/2-1/2"]
[WhiteElo "1768"]
[BlackElo "1816"]

1.e4 c6 2.d4 d5 3.Nc3 dxe4 4.Nxe4 Bf5 5.Ng3 Bg6 6.Nf3 Nd7 7.Bd3 {*} 7...e6 {*} 8.Bxg6 hxg6 9.Bg5 Bb4+ 10.c3 Be7 
11.Qd2 Ngf6 12.O-O O-O 13.Rfe1 Qc7 14.Qc2 Bd6 15.c4 Ng4 16.Rad1 Bb4 17.Re2 Qa5 18.a3 Bd6 19.Ne4 Bc7 20.h3 Ngf6 
21.Nxf6+ Nxf6 22.Ne5 Qa6 23.Bxf6 gxf6 24.Nd7 Rfd8 25.Nxf6+ Kg7 26.Ne4 Rh8 27.Nc5 Qb6 28.Nd7 Qa5 29.Ne5 Rad8 30.Re3 Qb6 
31.c5 Qb5 32.b4 a5 33.Qb1 Qa4 34.Nc4 axb4 35.axb4 Bf4 36.Rf3 Bc7 37.Ra3 Qb5 38.Ne3 Ra8 39.Rxa8 Rxa8 40.Qb3 Qe2 
41.Rf1 Ra2 42.Ng4 Qd2 43.Rb1 f5 44.Qxe6 fxg4 45.Qe7+ Kg8 46.Qe8+ Kh7 47.Qf7+ Kh6 48.Qf8+ Kh5 49.hxg4+ Kxg4 50.Qf7 Kg5 
51.Qe7+ Kh6 52.Qh4+ Kg7 53.Qe7+ Kh8 54.Qf8+ Kh7 55.Qe7+ Kg8 56.Qe8+ Kg7 57.Qe7+ Kg8 58.Qe6+ Kg7 59.Qe7+ 1/2-1/2

[Event "U1850"]
[Site "Warsingsfehn"]
[Date "2024.12.12"]
[Round "7.4"]
[White "AVE GMS Sargon 4.0"]
[Black "Novag Superconstellation"]
[Result "0-1"]
[WhiteElo "1755"]
[BlackElo "1819"]

1.c4 e5 2.Nc3 Nc6 3.Nf3 Nf6 4.g3 Bb4 5.Bg2 O-O 6.O-O {*} 6...Re8 {*} 7.Ng5 h6 8.Nge4 Nxe4 9.Bxe4 d6 10.Qa4 Bxc3 
11.dxc3 Bh3 12.Rd1 Bd7 13.Qb3 Na5 14.Qa3 Nxc4 15.Qb4 b5 16.Bxa8 Qxa8 17.Bd2 Qe4 18.e3 Qf3 19.Qxc4 bxc4 20.g4 Bc6 
21.e4 Bxe4 {mit Meldung # in 3} 22.Kf1 Qh1+ 23.Ke2 Bd3+ 24.Ke3 Qe4# 0-1

[Event "U1850"]
[Site "Warsingsfehn"]
[Date "2024.12.12"]
[Round "7.5"]
[White "Mephisto III-S Glasgow"]
[Black "Mephisto B&P"]
[Result "1-0"]
[WhiteElo "1743"]
[BlackElo "1764"]

1.e4 c5 2.Nf3 d6 3.Bb5+ Bd7 4.Bxd7+ Qxd7 {*} 5.O-O {*} 5...e5 6.Nc3 Nc6 7.d3 Nf6 8.Bd2 Be7 9.Qe2 Nd4 10.Nxd4 cxd4 
11.Nd1 O-O 12.f4 a5 13.Qf3 Qg4 14.c3 Qh5 15.Qxh5 Nxh5 16.fxe5 dxe5 17.Rf5 Nf6 18.Rxe5 Bd6 19.Rb5 Ng4 20.h3 Ne5 
21.cxd4 Nxd3 22.Rxb7 Bb4 23.Bxb4 axb4 24.a3 Rfe8 25.Nf2 Nxf2 26.Kxf2 bxa3 27.Rxa3 Rxa3 28.bxa3 h5 29.Ke3 Rc8 30.Rb3 Rc2 
31.g3 Rh2 32.h4 Rg2 33.Kf3 Rd2 34.d5 f6 35.Ke3 Rd1 36.Kf4 Kf7 37.Rb7+ Kg8 38.a4 Rf1+ 39.Ke3 Rg1 40.d6 Rxg3+ 
41.Kd2 Rg2+ 42.Kd3 Rg3+ 43.Kd4 Rg1 44.Re7 Rd1+ 45.Kc5 Kf8 46.a5 Rc1+ 47.Kd5 Re1 48.a6 g5 49.a7 Ra1 50.Ke6 gxh4 
51.Rb7 h3 52.Rb8+ Kg7 53.a8=Q Rxa8 54.Rxa8 h2 55.Ra1 Kg6 56.d7 Kg5 57.d8=Q Kg4 58.Kxf6 h4 59.e5 h3 60.Qh8 Kg3 
61.Qg7+ Kf4 62.Rh1 Kf3 63.e6 Ke3 64.Qg3+ Kd4 65.Qd6+ Ke3 66.e7 Kf3 67.e8=Q Kf2 68.Qxh2+ Kf3 69.Qee2# 1-0

[Event "U1850"]
[Site "Warsingsfehn"]
[Date "2024.12.12"]
[Round "8.1"]
[White "SciSys Turbostar 432 KSO"]
[Black "Mephisto Mondial II"]
[Result "0-1"]
[WhiteElo "1798"]
[BlackElo "1770"]

1.e4 c6 2.d4 d5 3.Nc3 dxe4 4.Nxe4 Bf5 5.Ng3 Bg6 6.h4 h6 {*} 7.h5 Bh7 8.Nf3 {*} 8...e6 9.Bc4 Bd6 10.O-O Nf6 11.Ne1 Nbd7 
12.Be3 O-O 13.Nd3 Qc7 14.f4 Nb6 15.Bb3 Nbd5 16.Qd2 Bxd3 17.cxd3 Ng4 18.Bxd5 exd5 19.Nf5 Nxe3 20.Qxe3 Kh7 21.Qg3 Rg8 
22.Qg4 Bb4 23.a3 Bd2 24.Rad1 Ba5 25.b4 Bb6 26.Rde1 Qc8 27.Re7 Bxd4+ 28.Kh2 Rf8 29.Rfe1 a5 30.Rb1 b5 31.Re3 axb4 
32.axb4 Ra2 33.Rg3 Bf6 34.Rc1 Ra4 35.Rb1 Re8 36.Kh1 Ra2 37.Kh2 Rae2 38.Rc1 Qe6 39.Rb1 d4 40.Ra1 Rb2 41.Kg1 Rxb4 
42.Ra7 Rb1+ 43.Kh2 Qe1 44.Rh3 Re2 45.Qf3 Rd1 46.Ra3 Qg1+ 47.Kg3 Rdd2 48.Rh2 Qe1+ 49.Kg4 c5 50.Qg3 Qd1 51.Qf3 b4 
52.Ng3 bxa3 53.Nxe2 Rxe2 54.g3 a2 55.Rxe2 a1=Q 56.Qe4+ g6 57.hxg6+ fxg6 58.Qb7+ Bg7 59.Qf3 Qa6 60.Kh3 Qaxd3 61.Qxd3 Qxd3 
62.Re7 c4 63.Rc7 c3 64.f5 gxf5 65.Kg2 c2 66.g4 Qc3 67.Rxc3 dxc3 68.Kf3 c1=Q 69.Ke2 fxg4 70.Kf2 Qf4+ 71.Ke2 Qd2+ 
72.Kf1 c2 73.Kg1 c1=Q# 0-1

[Event "U1850"]
[Site "Warsingsfehn"]
[Date "2024.12.12"]
[Round "8.2"]
[White "Excalibur Igor"]
[Black "Mephisto B&P"]
[Result "0-1"]
[WhiteElo "1826"]
[BlackElo "1764"]

1.e4 c5 2.Nf3 d6 3.Bb5+ Bd7 4.Bxd7+ Qxd7 {*} 5.c4 {*} 5...Qg4 6.O-O Qxe4 7.d3 Qc6 8.Re1 e5 9.Nc3 Nd7 10.Bd2 Ngf6 11.Qa4 Qxa4 
12.Nxa4 Be7 13.Nc3 O-O 14.Ne4 Nxe4 15.dxe4 h6 16.g4 Nf6 17.h3 a6 18.a4 Bd8 19.Kh2 Nd7 20.Kg3 Nb6 21.b3 Bc7 22.Nh4 Nd7 
23.Nf5 Nf6 24.Bc3 h5 25.g5 Nh7 26.h4 Rfe8 27.Rad1 Rad8 28.Kf3 Nf8 29.Rd3 Ne6 30.Red1 Nd4+ 31.Bxd4 cxd4 32.R3d2 Ba5 33.Rd3 g6 
34.Ng3 Bc7 35.Ne2 Rd7 36.R3d2 Rde7 37.Nc1 Ba5 38.Rd3 Re6 39.Kg3 f6 40.Ne2 fxg5 41.hxg5 Bb6 42.Ng1 Rf8 43.Rf3 Ree8 44.b4 Rc8 
45.Rxf8+ Kxf8 46.Rc1 Kg7 47.a5 Bd8 48.Nf3 Be7 49.Kg2 Rf8 50.Kg3 Rf4 51.Re1 Bxg5 52.Nxg5 Rg4+ 53.Kh3 Rxg5 54.f3 Kf7 55.Rf1 Ke6 
56.Re1 Kd7 57.Rf1 Ke8 58.Re1 Kf8 59.Rf1 Kf7 60.Re1 Ke6 61.Rf1 Kd7 62.Re1 Ke8 63.Rf1 Kd8 64.Re1 Kc7 65.Rc1 Kc6 66.Rf1 b6 
67.axb6 Kxb6 68.Ra1 Kb7 69.Rf1 Kc7 70.Rd1 Kc6 71.Rf1 Kb7 72.Re1 h4 73.Kxh4 Rg2 74.Rb1 d3 75.Rd1 d2 76.Kh3 Re2 77.Kg4 Kc6 
78.Kg5 Rg2+ 79.Kf6 g5 80.Kf5 Kb6 81.Ke6 Kc7 82.Kf5 Kc6 83.Kf6 Kd7 84.Kf5 Ke7 85.c5 dxc5 86.bxc5 a5 87.Kxe5 a4 88.c6 a3 
89.Kd5 Re2 90.Kd4 Kd6 91.Kd3 Rg2 92.Rxd2 Rxd2+ 93.Kxd2 a2 94.c7 Kxc7 95.Ke3 a1=Q 96.Kf2 Qd4+ 97.Ke2 Qc3 98.Kf2 Qd2+ 99.Kg3 Qf4+ 
100.Kg2 Kd6 101.Kf2 g4 102.e5+ Kxe5 103.Kf1 Qxf3+ 104.Ke1 g3 105.Kd2 g2 106.Kc2 g1=Q 107.Kb2 Qh2+ 108.Kc1 Qf1# 0-1

[Event "U1850"]
[Site "Warsingsfehn"]
[Date "2024.12.12"]
[Round "8.3"]
[White "Novag Superconstellation"]
[Black "Mephisto III-S Glasgow"]
[Result "1/2-1/2"]
[WhiteElo "1819"]
[BlackElo "1743"]

1.e4 e6 2.d4 d5 3.Nc3 Bb4 4.e5 c5 5.a3 Bxc3+ 6.bxc3 Qc7 7.Nf3 Ne7 8.Qd2 Nbc6 {*} 9.a4 {*} 9...Qa5 10.Bb5 a6 11.Bxc6+ Nxc6 
12.O-O Ne7 13.Qg5 Qxc3 14.Bd2 Qxc2 15.Qxg7 Rg8 16.Rac1 Qxa4 17.Qf6 Rg6 18.Qh8+ Rg8 19.Qf6 cxd4 20.Rc7 Bd7 21.Rxb7 Qc6 
22.Rb4 Rc8 23.Nxd4 Qa8 24.f4 Qa7 25.Be3 a5 26.Nf5 Nxf5 27.Bxa7 axb4 28.Kh1 Ba4 29.Rb1 b3 30.Bb6 d4 31.g3 d3 32.Ba5 Rg7 
33.Kg1 Rg8 34.Kf1 Ne3+ 35.Ke1 Ra8 36.Bd2 Nf5 37.Bc3 Rd8 38.Rd1 Ne3 39.Ba5 Rd5 40.Rc1 Nc2+ 41.Kf2 Rxa5 42.Qh6 Rg6 43.Qxh7 
b2 44.Rb1 Rb5 45.Qh8+ Ke7 46.f5 Rg4 47.fxe6 fxe6 48.Qf6+ Kd7 49.h3 Rd4 50.Qf7+ Kd8 51.Qxe6 d2 52.Qf6+ Ke8 53.Qg6+ Kf8 
54.Qf6+ Kg8 55.Qg6+ Kh8 56.Qh6+ Kg8 57.Qg6+ Kh8 58.Qh6+ Kg8 59.Qg6+ 1/2-1/2

[Event "U1850"]
[Site "Warsingsfehn"]
[Date "2024.12.12"]
[Round "8.4"]
[White "Fidelity Prestige Challenger Budapest 4 MHz"]
[Black "AVE GMS Sargon 4.0"]
[Result "1-0"]
[WhiteElo "1816"]
[BlackElo "1755"]

1.c4 e5 2.Nc3 Nc6 3.Nf3 Nf6 4.g3 Bb4 5.Bg2 O-O 6.O-O e4 7.Ng5 Bxc3 8.bxc3 Re8 9.d3 exd3 10.exd3 d6 11.Be3 h6 
12.Nf3 Bf5 13.Rb1 Ng4 14.Nd4 Nxd4 15.cxd4 Qe7 16.Rxb7 Nxe3 17.fxe3 Qxe3+ 18.Rf2 Qxd4 19.Rxc7 Rab8 20.Bd5 Rf8 
21.Qh5 Be6 22.Qf3 Rb1+ 23.Kg2 Rfb8 24.Bxe6 fxe6 25.Qf7+ Kh8 26.Rxa7 Qe5 27.Re7 Qd4 28.Qg6 R1b2 29.Rxb2 Rxb2+ 
30.Kh3 Rb8 31.Rxe6 d5 32.Re8+ Rxe8 33.Qxe8+ Kh7 34.Qc6 Qxd3 35.cxd5 Qf1+ 36.Kh4 g5+ 37.Kg4 Qe2+ 38.Kf5 Qf2+ 
39.Ke6 Qe3+ 40.Kd7 Qa7+ 41.Qc7 Qxa2 42.Ke6+ Kh8 43.Kf6 Qa6+ 44.d6 Qf1+ 45.Kg6 1-0

[Event "U1850"]
[Site "Warsingsfehn"]
[Date "2024.12.12"]
[Round "8.5"]
[White "CXG Sphinx 40"]
[Black "Krypton Regency"]
[Result "1-0"]
[WhiteElo "1720"]
[BlackElo "1768"]

1.e4 e6 2.d4 c5 3.Nf3 cxd4 4.Nxd4 a6 5.Nc3 Qc7 6.Be2 b5 7.Bf3 Bb4 8.Ne2 {*} 8...Nc6 {*} 9.a3 Bd6 10.Bg5 h6 11.Be3 Be5 
12.Ng3 Bxc3+ 13.bxc3 Ne5 14.O-O Qxc3 15.Bd4 Qc7 16.Be2 Rh7 17.a4 bxa4 18.Rxa4 Nc6 19.Bc5 Qd8 20.Bc4 Nf6 21.Qd2 a5 
22.Bb5 Bb7 23.Rfa1 Rh8 24.e5 Nxe5 25.Rxa5 Rxa5 26.Rxa5 Nc6 27.Ra1 d5 28.Qe3 Rg8 29.c4 dxc4 30.Nf5 Qd7 31.Nd6+ Kd8 
32.Bb6+ Ke7 33.Nxb7 Qd5 34.Bc5+ Kd7 35.Na5 Rc8 36.Nxc4 Ke8 37.Nb6 Ng4 38.Qc3 Qg5 39.Nxc8 Ne5 40.Bd4 Kf8 41.Bxc6 Nxc6 
42.Qxc6 Qf4 43.Be3 Qf6 44.Ra7 Qb2 45.Qc7 Kg8 46.Qxf7+ Kh7 47.Qf4 Kh8 48.Nd6 Qb1+ 49.Bc1 Qg6 50.Qf8+ Kh7 51.Ne8 Qxg2+ 
52.Kxg2 Kg6 53.Qf7+ Kh7 54.Qxg7# 1-0

[Event "U1850"]
[Site "Warsingsfehn"]
[Date "2024.12.12"]
[Round "9.1"]
[White "Mephisto III-S Glasgow"]
[Black "Fidelity Prestige Challenger Budapest 4 MHz"]
[Result "0-1"]
[WhiteElo "1743"]
[BlackElo "1816"]

1.e4 e6 2.d4 d5 3.Nc3 Bb4 4.e5 c5 5.Bd2 Ne7 6.a3 Bxc3 7.Bxc3 b6 8.b4 Qc7 9.Nf3 cxb4 10.Bxb4 Ba6 
11.Bd3 {*} 11...Bxd3 12.Qxd3 Nbc6 13.Bd6 Qd7 {*} 14.O-O Rc8 15.Rfd1 f6 16.exf6 Qxd6 17.fxe7 Qxe7 18.Re1 O-O 19.Qe3 Nd8 20.Re2 Nf7 
21.Ra2 Rc6 22.h3 Rfc8 23.Qb3 Qf6 24.Qa4 a5 25.Qb5 Qg6 26.Ne1 Nd6 27.Qa6 Ne4 28.Rb2 Nc3 29.Re5 Na4 30.Rb3 Rf8 
31.Qb5 Rc4 32.Rg3 Qh6 33.Rxd5 Qd2 34.Qxc4 Qxe1+ 35.Kh2 exd5 36.Qxa4 Qxf2 37.c3 Qa2 38.Qd7 g6 39.Qe6+ Kh8 40.Qxb6 Qxa3 
41.Qc6 Qb3 42.Qc5 Ra8 43.Rg5 a4 44.Rxd5 a3 45.Rd7 Qb8+ 46.Rc7 Qe8 47.Qd6 Kg8 48.Qd5+ Kh8 49.Qf3 Kg8 50.Qf6 Qf8 
51.Qe6+ Kh8 52.Qe5+ Kg8 53.Qd5+ Kh8 54.Rf7 Qb8+ 55.Qe5+ Qxe5+ 56.dxe5 a2 57.Rf1 a1=Q 58.Rxa1 Rxa1 59.Kg3 Rc1 60.Kf4 Kg7 
61.h4 Rxc3 62.g4 Rh3 63.h5 gxh5 64.gxh5 Rxh5 65.Ke4 Kf7 66.Kf4 Ke6 67.Kg3 Rxe5 68.Kf4 h5 69.Kg3 Kf5 70.Kg2 Kg4 
71.Kf2 h4 72.Kg2 h3+ 73.Kf2 Rf5+ 74.Ke3 h2 75.Kd3 Rd5+ 76.Kc4 h1=Q 77.Kb3 Qd1+ 78.Kb2 Rd3 79.Ka2 Qb3+ 80.Ka1 Rd1# 0-1